000 00667nam a2200241 a 4500
001 14293
003 BD-JhCC
005 20250302094007.0
008 250302b2002 e a|||| ||a| 001 0 eng d
020 _a 9780470001295
035 _a(BD-JhCC)14293
040 _aBD-JhCC
_dBD-JhCC
041 _aenglish
082 _a658.83
_bMCD 2002
100 _a McDaniel, Carl
245 _aMarketing research :
_b the impact of the Internet /
_cCarl McDaniel, Roger Gates.
260 _aNew York:
_bSouth-Western;
_c2002.
300 _axxxii, 682, 36, 9 p. :
_bill;
_c26 cm.
650 _aMarketing Recherche
700 _a Gates, Roger
942 _2ddc
_cBK
999 _c14293
_d14293